[Event "CUB-ch"]
[Site "Cuba"]
[Date "1982.??.??"]
[Round "1"]
[White "Hernandez Onna, Roman"]
[Black "Diaz, Joaquin Carlos"]
[Result "1/2-1/2"]
[WhiteElo "2400"]
[BlackElo "2360"]
[PlyCount "31"]
[EventDate "1982.??.??"]
[EventType "tourn"]
[EventRounds "13"]
[EventCountry "CUB"]
[SourceTitle "MCD"]
[Source "ChessBase"]
[SourceDate "1999.07.01"]

1. d4 d5 2. Nf3 e6 3. c4 Nf6 4. Nc3 Be7 5. Bg5 h6 6. Bh4 O-O 7. e3 b6 8. Be2
Bb7 9. O-O dxc4 10. Bxc4 Ne4 11. Bxe7 Qxe7 12. Qe2 c5 13. Rac1 Nd7 14. Nxe4
Bxe4 15. Bb5 Rad8 16. Nd2 1/2-1/2

[Event "CUB-ch"]
[Site "Cuba"]
[Date "1982.??.??"]
[Round "2"]
[White "Velez, Nestor"]
[Black "Hernandez Onna, Roman"]
[Result "0-1"]
[WhiteElo "2410"]
[BlackElo "2400"]
[PlyCount "66"]
[EventDate "1982.??.??"]
[EventType "tourn"]
[EventRounds "13"]
[EventCountry "CUB"]
[SourceTitle "MCD"]
[Source "ChessBase"]
[SourceDate "1999.07.01"]

1. Nf3 c5 2. g3 g6 3. Bg2 Bg7 4. O-O Nc6 5. c3 Nf6 6. d4 cxd4 7. Nxd4 O-O 8.
Nd2 Nxd4 9. cxd4 d5 10. a4 Bf5 11. Qb3 Qb6 12. a5 Qa6 13. Nb1 Ne4 14. Nc3 Nxc3
15. bxc3 e6 16. Ra2 Rac8 17. f3 e5 18. e4 Bd7 19. Rd2 exd4 20. cxd4 dxe4 21.
Ba3 e3 22. Qxe3 Rfe8 23. Qf2 Qxa5 24. Bb2 Qb6 25. f4 Bb5 26. Ra1 Rcd8 27. Bc3
Bc6 28. Rb2 Qc7 29. Rc2 Bxg2 30. Qxg2 Qc4 31. Bb2 Bxd4+ 32. Kh1 Qb4 33. Rd2
Bxb2 0-1

[Event "CUB-ch"]
[Site "Cuba"]
[Date "1982.??.??"]
[Round "4"]
[White "Vera Gonzalez Quevedo, Reynaldo"]
[Black "Hernandez Onna, Roman"]
[Result "0-1"]
[WhiteElo "2430"]
[BlackElo "2400"]
[PlyCount "74"]
[EventDate "1982.??.??"]
[EventType "tourn"]
[EventRounds "13"]
[EventCountry "CUB"]
[SourceTitle "MCD"]
[Source "ChessBase"]
[SourceDate "1999.07.01"]

1. c4 c5 2. Nf3 Nc6 3. Nc3 Nf6 4. e3 e6 5. d4 d5 6. cxd5 exd5 7. Be2 cxd4 8.
Nxd4 Bd6 9. O-O O-O 10. b3 Be5 11. Nxc6 bxc6 12. Bb2 Qd6 13. h3 Bf5 14. Na4
Bxb2 15. Nxb2 c5 16. Rc1 Rfd8 17. Bd3 Bg6 18. Qc2 Rac8 19. Rfd1 Qe7 20. Na4 Ne4
21. Qb2 Bh5 22. Be2 Bxe2 23. Qxe2 h6 24. Qa6 Ng5 25. Rxd5 Rxd5 26. Qxc8+ Kh7
27. Nxc5 Rd2 28. Qa6 Nxh3+ 29. gxh3 Qg5+ 30. Kf1 Qf5 31. Nd3 Rxd3 32. Ke2 Rd7
33. Qc4 g6 34. Qg4 Qd3+ 35. Kf3 Rd5 36. Rc4 Rf5+ 37. Rf4 Qd1+ 0-1

[Event "CUB-ch"]
[Site "Cuba"]
[Date "1982.??.??"]
[Round "7"]
[White "Lebredo Zarragoitia, Gerardo"]
[Black "Hernandez Onna, Roman"]
[Result "1/2-1/2"]
[WhiteElo "2345"]
[BlackElo "2400"]
[PlyCount "48"]
[EventDate "1982.??.??"]
[EventType "tourn"]
[EventRounds "13"]
[EventCountry "CUB"]
[SourceTitle "MCD"]
[Source "ChessBase"]
[SourceDate "1999.07.01"]

1. e4 c5 2. Nc3 Nc6 3. g3 g6 4. Bg2 Bg7 5. d3 d6 6. Be3 Rb8 7. Qd2 b5 8. Nge2
b4 9. Nd1 e5 10. O-O h5 11. h4 Nh6 12. f3 Nd4 13. Nf2 a5 14. c3 Nxe2+ 15. Qxe2
O-O 16. Qd2 Kh7 17. d4 exd4 18. cxd4 c4 19. Rac1 d5 20. Rfd1 Bb7 21. Bf4 Rc8
22. e5 Rc6 23. Bg5 Qc7 24. g4 Rb6 1/2-1/2

[Event "CUB-ch"]
[Site "Cuba"]
[Date "1982.??.??"]
[Round "8"]
[White "Hernandez Onna, Roman"]
[Black "Garcia Martinez, Silvino"]
[Result "1/2-1/2"]
[WhiteElo "2400"]
[BlackElo "2425"]
[PlyCount "25"]
[EventDate "1982.??.??"]
[EventType "tourn"]
[EventRounds "13"]
[EventCountry "CUB"]
[SourceTitle "MCD"]
[Source "ChessBase"]
[SourceDate "1999.07.01"]

1. d4 Nf6 2. Nf3 c5 3. d5 d6 4. c4 g6 5. Nc3 Bg7 6. e4 O-O 7. Be2 e6 8. O-O
exd5 9. cxd5 Re8 10. Nd2 Na6 11. f3 Nc7 12. a4 b6 13. Kh1 1/2-1/2

[Event "CUB-ch"]
[Site "Cuba"]
[Date "1982.??.??"]
[Round "10"]
[White "Hernandez Onna, Roman"]
[Black "Sieiro Gonzalez, Luis"]
[Result "1/2-1/2"]
[WhiteElo "2400"]
[BlackElo "2305"]
[PlyCount "28"]
[EventDate "1982.??.??"]
[EventType "tourn"]
[EventRounds "13"]
[EventCountry "CUB"]
[SourceTitle "MCD"]
[Source "ChessBase"]
[SourceDate "1999.07.01"]

1. d4 Nf6 2. Nf3 e6 3. c4 d5 4. Nc3 Be7 5. Bg5 h6 6. Bh4 O-O 7. e3 Nbd7 8. Rc1
c6 9. Bd3 dxc4 10. Bxc4 b5 11. Bd3 Bb7 12. O-O Rc8 13. Qe2 b4 14. Na4 Qa5
1/2-1/2

[Event "CUB-ch"]
[Site "Cuba"]
[Date "1982.??.??"]
[Round "11"]
[White "Nogueiras Santiago, Jesus"]
[Black "Hernandez Onna, Roman"]
[Result "1/2-1/2"]
[WhiteElo "2495"]
[BlackElo "2400"]
[PlyCount "30"]
[EventDate "1982.??.??"]
[EventType "tourn"]
[EventRounds "13"]
[EventCountry "CUB"]
[SourceTitle "MCD"]
[Source "ChessBase"]
[SourceDate "1999.07.01"]

1. d4 Nf6 2. c4 e6 3. Nc3 Bb4 4. e3 O-O 5. Bd3 d5 6. cxd5 exd5 7. Nge2 c5 8. a3
cxd4 9. axb4 dxc3 10. Nxc3 Bg4 11. f3 Bh5 12. g4 Bg6 13. Bxg6 hxg6 14. g5 Nfd7
15. Nxd5 Qxg5 1/2-1/2

[Event "Havana"]
[Site "Havana"]
[Date "1982.??.??"]
[Round "1"]
[White "Hernandez Onna, Roman"]
[Black "Mikhalchishin, Adrian"]
[Result "1/2-1/2"]
[WhiteElo "2400"]
[BlackElo "2530"]
[PlyCount "42"]
[EventDate "1982.??.??"]
[EventType "tourn"]
[EventRounds "11"]
[EventCountry "CUB"]
[EventCategory "9"]
[SourceTitle "MCD"]
[Source "ChessBase"]
[SourceDate "1999.07.01"]

1. d4 Nf6 2. Nf3 g6 3. c4 Bg7 4. Nc3 d5 5. cxd5 Nxd5 6. e4 Nxc3 7. bxc3 O-O 8.
Ba3 b6 9. Bc4 Bb7 10. Qd3 c5 11. O-O Nc6 12. Rad1 Qc7 13. Ba6 Rfd8 14. Bxb7
Qxb7 15. d5 Na5 16. c4 e5 17. Bb2 Qe7 18. Qc3 f6 19. Nd2 Nb7 20. Qd3 Nd6 21.
Nb1 a6 1/2-1/2

[Event "Havana"]
[Site "Havana"]
[Date "1982.??.??"]
[Round "4"]
[White "Hernandez Onna, Roman"]
[Black "Garcia Gonzales, Guillermo"]
[Result "1/2-1/2"]
[WhiteElo "2400"]
[BlackElo "2485"]
[PlyCount "20"]
[EventDate "1982.??.??"]
[EventType "tourn"]
[EventRounds "11"]
[EventCountry "CUB"]
[EventCategory "9"]
[SourceTitle "MCD"]
[Source "ChessBase"]
[SourceDate "1999.07.01"]

1. d4 Nf6 2. c4 e6 3. Nf3 b6 4. g3 Bb7 5. Bg2 Bb4+ 6. Bd2 Bxd2+ 7. Qxd2 O-O 8.
Nc3 Ne4 9. Nxe4 Bxe4 10. O-O a5 1/2-1/2

[Event "Havana"]
[Site "Havana"]
[Date "1982.??.??"]
[Round "5"]
[White "Sisniega, Marcel"]
[Black "Hernandez Onna, Roman"]
[Result "1/2-1/2"]
[WhiteElo "2440"]
[BlackElo "2400"]
[PlyCount "95"]
[EventDate "1982.??.??"]
[EventType "tourn"]
[EventRounds "11"]
[EventCountry "CUB"]
[EventCategory "9"]
[SourceTitle "MCD"]
[Source "ChessBase"]
[SourceDate "1999.07.01"]

1. c4 c5 2. Nf3 Nc6 3. g3 g6 4. Bg2 Bg7 5. O-O Nf6 6. Nc3 O-O 7. d4 cxd4 8.
Nxd4 Nxd4 9. Qxd4 d6 10. Qd3 Qa5 11. Bd2 Qh5 12. f3 Be6 13. b3 d5 14. cxd5 Nxd5
15. Nxd5 Bxa1 16. Nxe7+ Kg7 17. Rxa1 Qc5+ 18. Qe3 Qxe7 19. Qd4+ f6 20. Bb4 Rfd8
21. Qf4 Qf7 22. Bc3 Rd5 23. h4 h6 24. e4 Rd3 25. Bb2 Rc8 26. Bf1 Rd7 27. g4 Rc2
28. Rb1 Rdd2 29. Bc3 Rxc3 30. Qxd2 Qc7 31. Qh2 Qxh2+ 32. Kxh2 Rxf3 33. Rc1 Rf2+
34. Kg3 Rxa2 35. Rc7+ Kf8 36. g5 hxg5 37. hxg5 fxg5 38. Bc4 Bxc4 39. bxc4 b6
40. c5 Ra5 41. cxb6 axb6 42. Rb7 Rb5 43. Kg4 Ke8 44. e5 Kd8 45. e6 Rb4+ 46. Kh3
Rb1 47. Kg4 Rg1+ 48. Kh3 1/2-1/2

[Event "Havana"]
[Site "Havana"]
[Date "1982.??.??"]
[Round "7"]
[White "Pfleger, Helmut"]
[Black "Hernandez Onna, Roman"]
[Result "1-0"]
[WhiteElo "2500"]
[BlackElo "2400"]
[PlyCount "97"]
[EventDate "1982.??.??"]
[EventType "tourn"]
[EventRounds "11"]
[EventCountry "CUB"]
[EventCategory "9"]
[SourceTitle "MCD"]
[Source "ChessBase"]
[SourceDate "1999.07.01"]

1. c4 c5 2. Nf3 Nc6 3. g3 g6 4. Bg2 Bg7 5. O-O d6 6. Nc3 Qd7 7. e3 Nf6 8. d4
O-O 9. dxc5 dxc5 10. Qe2 Qf5 11. Ne1 Rd8 12. b3 Qh5 13. f3 Bh3 14. Bb2 Bxg2 15.
Nxg2 Qf5 16. Nf4 h5 17. e4 Qe5 18. Nb5 Nd4 19. Nxd4 cxd4 20. Nd3 Qe6 21. e5 Nh7
22. Rfe1 Qf5 23. e6 fxe6 24. Qxe6+ Qxe6 25. Rxe6 Bf6 26. Kg2 Nf8 27. Re4 Rac8
28. Rc1 Kf7 29. Ne5+ Bxe5 30. Rxe5 Rc6 31. Rd1 Ne6 32. Kf2 Ra6 33. a4 Rb6 34.
Rb5 Rdd6 35. Ba3 Rxb5 36. axb5 Rb6 37. Re1 Kf6 38. f4 a6 39. Re4 axb5 40. cxb5
h4 41. Kf3 hxg3 42. hxg3 d3 43. Ke3 g5 44. Bxe7+ Kxe7 45. f5 Kf6 46. Rxe6+
Rxe6+ 47. fxe6 Kxe6 48. Kxd3 Kd5 49. b6 1-0

[Event "Havana"]
[Site "Havana"]
[Date "1982.??.??"]
[Round "8"]
[White "Hernandez Onna, Roman"]
[Black "Vera Gonzalez Quevedo, Reynaldo"]
[Result "1/2-1/2"]
[WhiteElo "2400"]
[BlackElo "2430"]
[PlyCount "36"]
[EventDate "1982.??.??"]
[EventType "tourn"]
[EventRounds "11"]
[EventCountry "CUB"]
[EventCategory "9"]
[SourceTitle "MCD"]
[Source "ChessBase"]
[SourceDate "1999.07.01"]

1. d4 d5 2. Nf3 c5 3. c4 e6 4. cxd5 exd5 5. g3 Nc6 6. Bg2 Nf6 7. O-O Be7 8. b3
Ne4 9. Bb2 Bf6 10. e3 Bg4 11. h3 Bxf3 12. Bxf3 cxd4 13. exd4 O-O 14. Na3 Re8
15. Nc2 Qa5 16. Re1 Qb6 17. Kg2 Rad8 18. Re2 Qb5 1/2-1/2

[Event "Havana"]
[Site "Havana"]
[Date "1982.??.??"]
[Round "9"]
[White "Lebredo Zarragoitia, Gerardo"]
[Black "Hernandez Onna, Roman"]
[Result "0-1"]
[WhiteElo "2345"]
[BlackElo "2400"]
[PlyCount "52"]
[EventDate "1982.??.??"]
[EventType "tourn"]
[EventRounds "11"]
[EventCountry "CUB"]
[EventCategory "9"]
[SourceTitle "MCD"]
[Source "ChessBase"]
[SourceDate "1999.07.01"]

1. d4 Nf6 2. c4 g6 3. Nc3 Bg7 4. e4 d6 5. Nf3 O-O 6. Be3 Nbd7 7. Nd2 c6 8. Be2
a6 9. a4 a5 10. O-O e5 11. dxe5 dxe5 12. Rc1 Qe7 13. c5 Rd8 14. Nc4 Nf8 15. Qe1
Ng4 16. Bxg4 Bxg4 17. Nb6 Ra6 18. f3 Be6 19. Rd1 Rd4 20. f4 Rxd1 21. Qxd1 exf4
22. Bd4 Bb3 23. Qxb3 Bxd4+ 24. Kh1 Qxc5 25. Nc8 Qb4 26. Qd1 Ra8 0-1

[Event "Havana"]
[Site "Havana"]
[Date "1982.??.??"]
[Round "10"]
[White "Hernandez Onna, Roman"]
[Black "Nogueiras Santiago, Jesus"]
[Result "0-1"]
[WhiteElo "2400"]
[BlackElo "2495"]
[PlyCount "52"]
[EventDate "1982.??.??"]
[EventType "tourn"]
[EventRounds "11"]
[EventCountry "CUB"]
[EventCategory "9"]
[SourceTitle "MCD"]
[Source "ChessBase"]
[SourceDate "1999.07.01"]

1. d4 d5 2. c4 c6 3. Nf3 Nf6 4. cxd5 cxd5 5. Nc3 Nc6 6. Bf4 e6 7. e3 Nh5 8. Bg5
Qb6 9. Bd3 h6 10. Bh4 g5 11. Bg3 Nxg3 12. hxg3 Qxb2 13. Nb5 Qb4+ 14. Kf1 Qa5
15. Nxg5 a6 16. Qh5 hxg5 17. Qxh8 axb5 18. Qf6 Qd8 19. Qxd8+ Nxd8 20. Bxb5+ Bd7
21. Bxd7+ Kxd7 22. Ke2 b5 23. Rhc1 b4 24. Rc2 Nb7 25. Rac1 Nd6 26. Kf3 Nb5 0-1

[Event "Havana"]
[Site "Havana"]
[Date "1982.??.??"]
[Round "11"]
[White "Zapata, Alonso"]
[Black "Hernandez Onna, Roman"]
[Result "1/2-1/2"]
[WhiteElo "2435"]
[BlackElo "2400"]
[PlyCount "20"]
[EventDate "1982.??.??"]
[EventType "tourn"]
[EventRounds "11"]
[EventCountry "CUB"]
[EventCategory "9"]
[SourceTitle "MCD"]
[Source "ChessBase"]
[SourceDate "1999.07.01"]

1. e4 c5 2. Nc3 Nc6 3. g3 g6 4. Bg2 Bg7 5. d3 d6 6. f4 Nf6 7. Nf3 O-O 8. O-O
Bg4 9. Be3 Rc8 10. Qd2 Qd7 1/2-1/2

[Event "Luzern ol (Men)"]
[Site "Luzern"]
[Date "1982.10.31"]
[Round "2"]
[White "Hernandez Onna, Roman"]
[Black "Schumacher, Helmut"]
[Result "1-0"]
[WhiteElo "2465"]
[BlackElo "2215"]
[PlyCount "34"]
[EventDate "1982.10.29"]
[EventType "team-swiss"]
[EventRounds "14"]
[EventCountry "SUI"]
[SourceTitle "EXT 1997"]
[Source "ChessBase"]
[SourceDate "1996.11.15"]
[SourceVersion "1"]
[SourceVersionDate "1996.11.15"]
[SourceQuality "1"]
[WhiteTeam "Cuba"]
[BlackTeam "Belgium"]
[WhiteTeamCountry "CUB"]
[BlackTeamCountry "BEL"]

1. d4 e6 2. Nf3 d5 3. c4 Nf6 4. Nc3 Be7 5. Bg5 Nbd7 6. e3 O-O 7. Qc2 c5 8.
O-O-O dxc4 9. Bxc4 Qa5 10. Kb1 cxd4 11. Rxd4 e5 12. Rh4 g6 13. Bh6 Ne8 14. Rg4
Ng7 15. Rxg6 hxg6 16. Qxg6 Bf6 17. Ng5 Rd8 1-0

[Event "Luzern ol (Men)"]
[Site "Luzern"]
[Date "1982.11.05"]
[Round "6"]
[White "Wirthensohn, Heinz"]
[Black "Hernandez Onna, Roman"]
[Result "1/2-1/2"]
[WhiteElo "2385"]
[BlackElo "2465"]
[PlyCount "118"]
[EventDate "1982.10.29"]
[EventType "team-swiss"]
[EventRounds "14"]
[EventCountry "SUI"]
[SourceTitle "EXT 1997"]
[Source "ChessBase"]
[SourceDate "1996.11.15"]
[SourceVersion "1"]
[SourceVersionDate "1996.11.15"]
[SourceQuality "1"]
[WhiteTeam "Switzerland"]
[BlackTeam "Cuba"]
[WhiteTeamCountry "SUI"]
[BlackTeamCountry "CUB"]

1. c4 c5 2. Nf3 g6 3. d4 cxd4 4. Nxd4 Bg7 5. e4 Nf6 6. Nc3 Nc6 7. Be3 O-O 8.
Be2 b6 9. O-O Bb7 10. f3 Nh5 11. Ndb5 a6 12. Na3 e5 13. g3 Nd4 14. Nc2 Nxe2+
15. Qxe2 f5 16. Bf2 Qg5 17. Kh1 b5 18. cxb5 Nf6 19. Nb4 fxe4 20. fxe4 axb5 21.
Qxb5 Rab8 22. Qd3 Qg4 23. Rae1 Ba8 24. a3 Rbc8 25. Nbd5 Nxd5 26. Nxd5 Rf3 27.
Qd1 Rcf8 28. Kg2 h5 29. Bc5 Bxd5 30. Qxd5+ R8f7 31. Qd1 Rxf1 32. Qxg4 Rxe1 33.
Qxg6 Re2+ 34. Kh3 Rxb2 35. a4 Rc2 36. Qb6 h4 37. a5 hxg3 38. hxg3 Bf8 39. Bxf8
Kxf8 40. Qd8+ Kg7 41. Qb8 Rc6 42. Qxe5+ Kf8 43. Qb8+ Ke7 44. Qb4+ Kd8 45. Qb3
Rff6 46. e5 Rh6+ 47. Kg2 Kc7 48. Qd5 Rc3 49. Qd2 Rcc6 50. g4 Rhe6 51. Qd5 Rc3
52. Qb5 Rec6 53. a6 Rc2+ 54. Kg3 Ra2 55. Qb7+ Kd8 56. a7 Rca6 57. Kh4 Rxa7 58.
Qb8+ Ke7 59. Qd6+ Ke8 1/2-1/2

[Event "Luzern ol (Men)"]
[Site "Luzern"]
[Date "1982.11.07"]
[Round "8"]
[White "Hernandez Onna, Roman"]
[Black "Kovacevic, Vlatko"]
[Result "0-1"]
[WhiteElo "2465"]
[BlackElo "2560"]
[PlyCount "72"]
[EventDate "1982.10.29"]
[EventType "team-swiss"]
[EventRounds "14"]
[EventCountry "SUI"]
[SourceTitle "EXT 1997"]
[Source "ChessBase"]
[SourceDate "1996.11.15"]
[SourceVersion "1"]
[SourceVersionDate "1996.11.15"]
[SourceQuality "1"]
[WhiteTeam "Cuba"]
[BlackTeam "Yugoslavia"]
[WhiteTeamCountry "CUB"]
[BlackTeamCountry "YUG"]

1. d4 Nf6 2. Nf3 d5 3. c4 e6 4. Nc3 Bb4 5. cxd5 exd5 6. Bg5 Nbd7 7. e3 c5 8.
Bxf6 Nxf6 9. Bb5+ Bd7 10. Bxd7+ Qxd7 11. O-O O-O 12. dxc5 Bxc3 13. bxc3 Rac8
14. Qd4 Rfe8 15. Nd2 Qc7 16. Rab1 Re7 17. c6 b6 18. c4 Qxc6 19. cxd5 Nxd5 20.
Nf3 Nc3 21. Rb2 Re4 22. Qd3 Ra4 23. h3 h6 24. Ra1 b5 25. Nd4 Qd5 26. Qc2 a6 27.
a3 Rac4 28. Rb4 R4c5 29. Nb3 R5c6 30. Qd2 Qh5 31. Nd4 Rg6 32. Kf1 Ne4 33. Qd3
Qe5 34. Rd1 Rc3 35. Qb1 Ng5 36. Ne2 Rxa3 0-1

[Event "Havana"]
[Site "Havana"]
[Date "1983.??.??"]
[Round "1"]
[White "Hernandez Onna, Roman"]
[Black "Diaz, Joaquin Carlos"]
[Result "1/2-1/2"]
[WhiteElo "2435"]
[BlackElo "2365"]
[PlyCount "27"]
[EventDate "1983.??.??"]
[EventType "tourn"]
[EventRounds "13"]
[EventCountry "CUB"]
[EventCategory "7"]
[SourceTitle "MCL"]
[Source "ChessBase"]
[SourceDate "1999.07.01"]

1. d4 d5 2. Nf3 e6 3. c4 Nf6 4. Nc3 Be7 5. Bg5 h6 6. Bh4 O-O 7. e3 b6 8. Be2
Bb7 9. O-O Nbd7 10. cxd5 Nxd5 11. Bxe7 Qxe7 12. Nxd5 Bxd5 13. Qa4 c5 14. Qa3
1/2-1/2

[Event "Havana"]
[Site "Havana"]
[Date "1983.??.??"]
[Round "2"]
[White "Palacios, Antonio"]
[Black "Hernandez Onna, Roman"]
[Result "1/2-1/2"]
[WhiteElo "2345"]
[BlackElo "2435"]
[PlyCount "40"]
[EventDate "1983.??.??"]
[EventType "tourn"]
[EventRounds "13"]
[EventCountry "CUB"]
[EventCategory "7"]
[SourceTitle "MCL"]
[Source "ChessBase"]
[SourceDate "1999.07.01"]

1. e4 c5 2. Nf3 e6 3. d3 Nc6 4. g3 d5 5. Nbd2 Bd6 6. Bg2 Nge7 7. O-O O-O 8. Re1
Bc7 9. Nf1 d4 10. e5 Ng6 11. Bg5 Qd7 12. N1d2 Ncxe5 13. Nxe5 Bxe5 14. Ne4 f6
15. Qh5 Bd6 16. Bd2 e5 17. f4 Be7 18. fxe5 Nxe5 19. Ng5 h6 20. Nf3 Bd6 1/2-1/2

[Event "Havana"]
[Site "Havana"]
[Date "1983.??.??"]
[Round "5"]
[White "Zapata, Alonso"]
[Black "Hernandez Onna, Roman"]
[Result "1-0"]
[WhiteElo "2425"]
[BlackElo "2435"]
[PlyCount "65"]
[EventDate "1983.??.??"]
[EventType "tourn"]
[EventRounds "13"]
[EventCountry "CUB"]
[EventCategory "7"]
[SourceTitle "MCL"]
[Source "ChessBase"]
[SourceDate "1999.07.01"]

1. e4 c5 2. Nf3 e6 3. d4 cxd4 4. Nxd4 Nf6 5. Nc3 d6 6. Be2 Nc6 7. O-O Be7 8.
Be3 O-O 9. f4 e5 10. fxe5 dxe5 11. Nf5 Bxf5 12. Rxf5 Qa5 13. Kh1 Rad8 14. Qf1
Nd4 15. Bxd4 Rxd4 16. Bc4 Qc5 17. Bb3 a6 18. Qf3 b5 19. Rf1 b4 20. Nd5 Qd6 21.
c3 Rd2 22. cxb4 Kh8 23. Ne3 Qd4 24. Nc4 Nxe4 25. Nxe5 Nd6 26. Nc6 Nxf5 27. Nxd4
Nxd4 28. Qb7 Bd6 29. Bc4 f6 30. Qxa6 Be5 31. b5 Nc2 32. g3 Ne3 33. Qa3 1-0

[Event "Havana"]
[Site "Havana"]
[Date "1983.??.??"]
[Round "6"]
[White "Hernandez Onna, Roman"]
[Black "Zaitsev, Igor A"]
[Result "1/2-1/2"]
[WhiteElo "2435"]
[BlackElo "2445"]
[PlyCount "48"]
[EventDate "1983.??.??"]
[EventType "tourn"]
[EventRounds "13"]
[EventCountry "CUB"]
[EventCategory "7"]
[SourceTitle "MCL"]
[Source "ChessBase"]
[SourceDate "1999.07.01"]

1. d4 d5 2. Nf3 Nf6 3. c4 e6 4. Nc3 Be7 5. e3 O-O 6. Bd3 dxc4 7. Bxc4 a6 8. a4
c5 9. O-O Nc6 10. Qd3 b6 11. Rd1 Bb7 12. Qe2 Qc7 13. d5 exd5 14. Bxd5 Nd4 15.
Nxd4 Nxd5 16. Nxd5 Bxd5 17. Nf5 Bb3 18. Nxe7+ Qxe7 19. Re1 Rfd8 20. a5 b5 21.
e4 Bc4 22. Qh5 Rd5 23. Qg4 f5 24. Bg5 Qxe4 1/2-1/2

[Event "Havana"]
[Site "Havana"]
[Date "1983.??.??"]
[Round "7"]
[White "Alzate, Dario"]
[Black "Hernandez Onna, Roman"]
[Result "0-1"]
[WhiteElo "2350"]
[BlackElo "2435"]
[PlyCount "64"]
[EventDate "1983.??.??"]
[EventType "tourn"]
[EventRounds "13"]
[EventCountry "CUB"]
[EventCategory "7"]
[SourceTitle "MCL"]
[Source "ChessBase"]
[SourceDate "1999.07.01"]

1. e4 c5 2. Nf3 Nc6 3. d4 cxd4 4. Nxd4 g6 5. Be2 Bg7 6. Nf3 Nf6 7. Nc3 d6 8.
Bg5 Be6 9. Qd2 Qa5 10. O-O h6 11. Bf4 g5 12. Be3 Ng4 13. Nd4 Nxe3 14. fxe3 O-O
15. Kh1 Nxd4 16. exd4 Qb6 17. Rad1 Rac8 18. Na4 Qc7 19. c4 Bxc4 20. Rc1 b5 21.
b3 Qb7 22. bxc4 bxa4 23. Qd3 Qb2 24. e5 dxe5 25. d5 Qd4 26. Qf5 e4 27. Bh5 e3
28. Bxf7+ Kh8 29. Qe6 Rxc4 30. Rce1 Rc2 31. Rxe3 Qd2 32. Rg3 Qf2 0-1

[Event "Havana"]
[Site "Havana"]
[Date "1983.??.??"]
[Round "8"]
[White "Hernandez Onna, Roman"]
[Black "Garcia Palermo, Carlos H"]
[Result "1/2-1/2"]
[WhiteElo "2435"]
[BlackElo "2455"]
[PlyCount "65"]
[EventDate "1983.??.??"]
[EventType "tourn"]
[EventRounds "13"]
[EventCountry "CUB"]
[EventCategory "7"]
[SourceTitle "MCL"]
[Source "ChessBase"]
[SourceDate "1999.07.01"]

1. d4 d5 2. c4 e6 3. Nf3 Nf6 4. Nc3 Be7 5. Bg5 O-O 6. e3 h6 7. Bh4 b6 8. Be2
Bb7 9. Bxf6 Bxf6 10. cxd5 exd5 11. O-O Qe7 12. Qb3 Rd8 13. Rad1 c6 14. Rd2 Nd7
15. Rc1 Nf8 16. Qa4 c5 17. dxc5 bxc5 18. Rcd1 Bxc3 19. bxc3 Ne6 20. h3 Rd6 21.
Rb2 Bc6 22. Qh4 Ng5 23. Nxg5 hxg5 24. Qg3 Rad8 25. Bf3 Qf6 26. Rd3 g6 27. Rbd2
R6d7 28. Bg4 Bb5 29. Bxd7 Bxd3 30. Rxd3 Rxd7 31. Qb8+ Kg7 32. Qb5 Qb6 33. Qa4
1/2-1/2

[Event "Havana"]
[Site "Havana"]
[Date "1983.??.??"]
[Round "11"]
[White "Sisniega, Marcel"]
[Black "Hernandez Onna, Roman"]
[Result "0-1"]
[WhiteElo "2455"]
[BlackElo "2435"]
[PlyCount "68"]
[EventDate "1983.??.??"]
[EventType "tourn"]
[EventRounds "13"]
[EventCountry "CUB"]
[EventCategory "7"]
[SourceTitle "MCL"]
[Source "ChessBase"]
[SourceDate "1999.07.01"]

1. c4 c5 2. Nf3 g6 3. g3 Bg7 4. Bg2 Nc6 5. Nc3 b6 6. h4 h5 7. d3 Bb7 8. Bg5 Nh6
9. O-O d6 10. Rb1 Qd7 11. Nd5 Ng4 12. Nh2 f6 13. Bd2 g5 14. hxg5 Nxh2 15. gxf6
Bxf6 16. Kxh2 h4 17. g4 Ne5 18. Nxf6+ exf6 19. f3 Nxg4+ 20. fxg4 Bxg2 21. Rf5
Bc6 22. e4 O-O-O 23. Qf3 b5 24. b3 Qb7 25. cxb5 Bxb5 26. Rxf6 Qa6 27. e5 Bc6
28. Qf5+ Kb7 29. a4 dxe5 30. b4 Qxa4 31. bxc5+ Ka8 32. Qxe5 Rhe8 33. Qf4 Rxd3
34. Rb4 Qd1 0-1

[Event "Bayamo"]
[Site "Bayamo"]
[Date "1983.??.??"]
[Round "?"]
[White "Garcia Palermo, Carlos H"]
[Black "Hernandez Onna, Roman"]
[Result "1/2-1/2"]
[WhiteElo "2455"]
[BlackElo "2435"]
[PlyCount "45"]
[EventDate "1983.03.??"]
[EventType "tourn"]
[EventRounds "13"]
[EventCountry "CUB"]
[EventCategory "8"]
[SourceTitle "MCD"]
[Source "ChessBase"]
[SourceDate "1999.07.01"]

1. d4 e6 2. c4 Bb4+ 3. Bd2 Qe7 4. e4 Nf6 5. e5 Ne4 6. Nf3 b6 7. Bd3 Bb7 8. Bxe4
Bxe4 9. Nc3 Bxc3 10. Bxc3 d5 11. exd6 cxd6 12. O-O O-O 13. Re1 Bb7 14. d5 e5
15. Nd2 Nd7 16. f4 Rac8 17. a4 f5 18. Qf3 Qf6 19. a5 b5 20. a6 Ba8 21. b3 Qh6
22. Bb4 exf4 23. Qf2 1/2-1/2

[Event "Bayamo"]
[Site "Bayamo"]
[Date "1983.??.??"]
[Round "?"]
[White "Hernandez Onna, Roman"]
[Black "Garcia, Gildardo"]
[Result "0-1"]
[WhiteElo "2435"]
[BlackElo "2415"]
[PlyCount "132"]
[EventDate "1983.03.??"]
[EventType "tourn"]
[EventRounds "13"]
[EventCountry "CUB"]
[EventCategory "8"]
[SourceTitle "MCD"]
[Source "ChessBase"]
[SourceDate "1999.07.01"]

1. d4 Nf6 2. Nf3 d5 3. c4 e6 4. Nc3 Be7 5. Bg5 h6 6. Bh4 O-O 7. e3 b6 8. Be2
Bb7 9. Bxf6 Bxf6 10. cxd5 exd5 11. O-O c6 12. Qa4 Nd7 13. Rfd1 Be7 14. Rd2 Bd6
15. Qd1 Re8 16. Qf1 Nf6 17. Ba6 Qc8 18. Bxb7 Qxb7 19. Rc1 Rac8 20. g3 Qd7 21.
Qg2 Rc7 22. a3 Rec8 23. Rdc2 Qe6 24. Nd2 Re7 25. Qf3 g5 26. Ne2 Rec7 27. Nc3
Re7 28. b4 Kg7 29. Ne2 Rec7 30. Nc3 Re7 31. Nb5 Bb8 32. a4 Qd7 33. a5 c5 34.
Nc3 g4 35. Qd1 cxb4 36. Na4 Rxc2 37. Qxc2 Qb5 38. axb6 axb6 39. Nb2 Rc7 40. Qd1
Rc3 41. Nb1 Rxc1 42. Qxc1 Ne4 43. Qd1 h5 44. Nd2 Nxd2 45. Qxd2 b3 46. e4 dxe4
47. d5 f6 48. d6 Qd7 49. Nc4 b5 50. Ne3 Bxd6 51. Nf5+ Qxf5 52. Qxd6 Qe5 53.
Qd7+ Kg6 54. Qc8 Kg7 55. Qd7+ Kg8 56. Qd8+ Kf7 57. Qd7+ Kg8 58. Qd8+ Kh7 59.
Qd7+ Kh6 60. Qf7 b2 61. Qf8+ Kg6 62. Qg8+ Kf5 63. Qb3 b4 64. Qxb4 e3 65. Kf1
e2+ 66. Ke1 Qd5 0-1